000 01041nam a2200217 i 4500
001 23234
003 ES-MaACL
005 20251012173224.0
007 t|
008 021209s1890 sp d |||| | spa d
245 0 0 _aEstado y desarrollo de la Escuela de Artes y Oficios de Bilbao
_b: durante el primer decenio que comprende desde su creación, hasta el 30 de septiembre de 1889.
260 _aBilbao :
_b[s.n.],
_c1890 (
_fImp. de la Casa de Misericordia)
300 _aIX, 183 p., [3] h. pleg. de gráf. ;
_c22 cm.
505 8 _aContiene: ;
_tMisión que deben cumplir las Escuelas de Artes y Oficios de Bilbao : discurso leído en el aniversario del primer decenio de su fundación /
_rPablo de Alzola y Minondo
530 _aDisponible en formato digital.
610 2 4 _aEscuela de Artes y Oficios (Bilbao)
_9134362
700 1 _aAlzola y Minondo, Pablo de,
_d1841-1912
_921064
852 _aES-MaACL
_jT-567-F-7
856 _uhttp://www.euskalmemoriadigitala.eus/handle/10357/2336
_zMemoria Digital Vasca
999 _c23234
_d23234